Govt. of
Madhya Pradesh

Mystery Of Death (Record no. 915)

MARC details
000 -LEADER
fixed length control field 003390000a22001570004500
001 - CONTROL NUMBER
control field 000917
003 - CONTROL NUMBER IDENTIFIER
control field MACL
040 ## - CATALOGING SOURCE
Original cataloging agency MACL
090 ## - LOCALLY ASSIGNED LC-TYPE CALL NUMBER (OCLC); LOCAL CALL NUMBER (RLIN)
-- 917
-- 917
100 ## - MAIN ENTRY--PERSONAL NAME
Personal name Abhedananda, Swami
245 ## - TITLE STATEMENT
Title Mystery Of Death
Statement of responsibility, etc. Swami Abhedananda
260 ## - PUBLICATION, DISTRIBUTION, ETC. (IMPRINT)
Place of publication, distribution, etc. Ramakrishna Vedanta Math,
Date of publication, distribution, etc. 1996
350 ## - PRICE (NR) (BK AM CF MU VM SE) [OBSOLETE]
Price 100
650 ## - SUBJECT ADDED ENTRY--TOPICAL TERM
Topical term or geographic name as entry element Religion
942 ## - ADDED ENTRY ELEMENTS (KOHA)
Call number prefix 294
Koha item type Library Membar
Holdings
Withdrawn status Lost status Source of classification or shelving scheme Damaged status Not for loan Home library Current library Date acquired Cost, normal purchase price Total Checkouts Full call number Barcode Date last seen Uniform Resource Identifier Price effective from Koha item type
          MACL MACL 15/04/2015 100.00   294 ABH CRE012824 02/05/2024 916 15/04/2015 Books